Obálka Náhled e-knihy:
PDF
Pro půjčování e-knih musíte být přihlášeni.
Jak si půjčit online?

Kopačky 1: Záhada spiacich rozhodcov /

Náš futbalový tím Soto Alto nie je len obyčajný školský tím. Je výnimočný. Uzavreli sme totiž dohodu: nikto a nič nás nikdy nerozdelí. Navždy budeme hrať spolu. Nech sa deje čokoľvek. Takže keď sa stalo to, čo sa stalo, nemali sme na výber. Zohnali sme si detektívnu výbavu… a vyrazili sme za dobrodr...

Celý popis

Uloženo v:
Série:Kopačky (SK), část 1
Hlavní autor: Santiago, Roberto (Autor)
Médium: E-kniha
Jazyk:Czech
Vydáno: Praha : Albatros Media Slovakia s.r.o., 2025
Příbuzné jednotky:Z cyklu:: Kopačky (SK)
Tagy:
Žádné tagy
LEADER 01425nam a22002417i 4500
001 302716
007 ta
008 260514s2025 xr ||||| |||| 00| 0 cze d
020 |a 9788056648100 
044 |a xr 
100 1 |a  Santiago, Roberto  |4 aut 
245 1 0 |a Kopačky 1: Záhada spiacich rozhodcov /  |c  Santiago, Roberto 
240 1 0 |a Los Futbolísimos: El misterio de los árbitros dormidos 
264 1 |a Praha :  |b Albatros Media Slovakia s.r.o.,  |c 2025 
300 |a 1 online zdroj (296 stran) 
336 |a text  |b txt  |2 rdacontent 
337 |a bez média  |b n  |2 rdamedia 
338 |a online zdroj  |b cr  |2 rdacarrier 
520 2 |a Náš futbalový tím Soto Alto nie je len obyčajný školský tím. Je výnimočný. Uzavreli sme totiž dohodu: nikto a nič nás nikdy nerozdelí. Navždy budeme hrať spolu. Nech sa deje čokoľvek. Takže keď sa stalo to, čo sa stalo, nemali sme na výber. Zohnali sme si detektívnu výbavu… a vyrazili sme za dobrodružstvom. Veď sme predsa… Kopačky! 
787 0 8 |g 1  |i Z cyklu:  |t Kopačky (SK) 
910 |a RBIT002 
998 |d 426973  |a https://core.palmknihy.cz/api/books/426973/cover?tesgi8  |b https://core.palmknihy.cz/api/books/426973/cover/400?tesgi8  |c https://core.palmknihy.cz/api/books/426973/cover/50?tesgi8  |e 2029-09-25  |g 296  |i 9788056648100  |k https://core.palmknihy.cz/api/books/426973/preview.pdf  |l   |q 49  |r 1  |s https://www.palmknihy.cz/kniha/426973  |t ebook  |y 2025  |z 1  |v Kopačky (SK)  |w 1 
999 |d 302714